Nachbarländer - Welches gehört nicht dazu? - Statistiken

Allgemein
  • Dieses Quiz wurde 114 mal gespielt
  • Das Durchschnittsergebnis liegt bei 9 aus 12
Antwortstatistiken
Frage Antwort % Korrekt
Welches Land ist kein Nachbarland von Deutschland ? Italien
99%
Welches Land ist kein Nachbarland von Griechenland ? Serbien
84%
Welches Land ist kein Nachbarland von Russland ? Türkei
84%
Welches Land ist ist kein Nachbarland von Chile ? Brasilien
78%
Welches Land ist kein Nachbarland von Ägypten ? Tschad
76%
Welches Land ist kein Nachbarland von Paraguay ? Uruguay
73%
Welches Land ist kein Nachbarland von Indien ? Kirgisistan
68%
Welches Land ist kein Nachbarland von Botswana ? Angola
66%
Welches Land ist kein Nachbarland von Ungarn ? Polen
64%
Welches Land ist kein Nachbarland von Malaysia ? Myanmar
61%
Welches Land ist kein Nachbarland von Honduras ? Belize
60%
Welches Land ist kein Nachbarland von Saudi Arabien ? Ägypten
58%
Keine übereinstimmenden Quizze gefunden
Verteilung der Resultate
Anzahl Personen mit jedem Resultat
Perzentil nach korrekt beantworteten Fragen
Ihre Resultats-Entwicklung
Sie haben dieses Quiz noch nicht gespielt